Familia, tecnología y derecho /

Contiene: El derecho de familia debe "tomar la alternativa"; El embrión humano: reflexiones científicas y éticas en el año 2000; Pruebas genéticas; La maternidad por sustitución; La clonación humana; El menor impúber y su capacidad negocial; Las personas naturales; Sexo y género en el matrimonio: ¿c...

Descripción completa

Guardado en:
Detalles Bibliográficos
Otros autores: Goyena Copello, Héctor Roberto (autor) (autor)
Formato: Libro
Idioma:Español
Publicado: Bogotá, Colombia : Universidad Externado de Colombia, 2002, c2002
Temas:
Etiquetas: Agrega una etiqueta
Sin etiquetas, Sé el primero en etiquetar este registro!

MARC

LEADER 00000nam^a2200000^a^4500
001 000153424
005 20250521000000.0
009 20260310100319.303
020 |a 958-616-616-3 
037 |a Acervo ITESO - Biblioteca 
041 |a ESP 
082 |a 346. 01  |b FAM 
245 0 0 |a Familia, tecnología y derecho /  |c Héctor Roberto Goyena Copello... [et al.]. 
264 4 |a Bogotá, Colombia :  |b Universidad Externado de Colombia,  |c 2002, c2002 
300 |a 391 p. 
336 |a texto  |b txt  |2 rdacontenido 
337 |a sin mediación  |b n  |2 rdamedio 
338 |a volumen  |b nc  |2 rdasoporte 
520 |a Contiene: El derecho de familia debe "tomar la alternativa"; El embrión humano: reflexiones científicas y éticas en el año 2000; Pruebas genéticas; La maternidad por sustitución; La clonación humana; El menor impúber y su capacidad negocial; Las personas naturales; Sexo y género en el matrimonio: ¿cómo será la familia del futuro?; El nacituro concebido, sujeto de derecho; Terapia génica; El genoma humano y los derechos constitucionales fundamentales; Bioética y derecho de familia; Implicaciones jurídicas de la investigación en el genoma humano; Diagnóstico preimplantatorio y derecho de familia; Implicaciones éticas y jurídicas de la gestación; Clonación humana; La prueba de ADN; Conclusiones. 
649 |a XX 
650 |a Genoma Humano -  |x Aspectos Jurídicos 
650 |a Clonación -  |x Aspectos Jurídicos 
650 |a Reproducción Asistida -  |x Aspectos Jurídicos 
650 |a Ingeniería Genética -  |x Aspectos Jurídicos 
650 |a Homosexualidad -  |x Aspectos Jurídicos 
650 |a Género -  |x Aspectos Jurídicos 
650 |a Bioética 
650 |a Etica Médica 
650 |a Derecho de Familia 
650 |a Derecho Privado 
700 |a Goyena Copello, Héctor Roberto  |e (autor) 
910 |a Fondo General 
920 |a Impresos - Libros 
930 |a Colección General 
905 |a 101 
901 |a 0500082015  |b IT1  |c ACC  |u 20250521 
902 |a https://opac.biblio.iteso.mx/vufind/Record/000153424